000 00671cam a22002172 4500
001 0000001759
005 20151021151053.0
008 070326s xx 000 0 eng d
020 _a9966805729
040 _aKABU
_cKABU
050 0 _aHD31
_b.R87
100 1 _aRush, Myron D.
_@0000150762
245 1 0 _aManagement :
_ba biblical approach.
260 _aNairobi :
_bWord/Alive,
_c2002.
300 _axvii, 228 p.
650 0 _aManagement.
_xReligious aspects
_xChristianity.
_@0000150763
852 1 _9p690 KES
852 1 _9p655 KES
908 _a070326
950 _@1
999 _c356
_d356